Statistics for Indian History A-Z

Click here to take the quiz!

General Stats

  • This quiz has been taken 794 times
  • The average score is 17 of 26

Answer Stats

HintAnswer% Correct
HMahatma Gandhi's religionHinduism
96%
CThis popular board game is thought to have been originated in India before 600 ADChess
94%
ACity where Shah Jahan of Mughal Empire built Taj Mahal for his favorite wife in 1632Agra
93%
KRegion over which India fought against Pakistan from 1947 until 1949Kashmir
87%
PIndia has had the most wars and conflicts with this country since its independencePakistan
86%
Jreligion that started around 500 BC and practices non-violence against all
people and animals
Jainism
82%
DThe first European to reach India via the oceanVasco da Gama
80%
TCatholic nun that gained international renown for her charity work in CalcuttaMother Teresa
79%
GRegion India invaded and reconquered from the Portuguese in 1961Goa
78%
ETitle that once was held by Queen Victoria{Empress} of India
76%
NFirst prime minister of IndiaJawaharlal Nehru
75%
YIndian spiritual practice that was exported to the West as a form of exerciseYoga
71%
WAbout 2.5 million Indian troops fought and around 87,000 died in this warWorld War II
61%
OState that was formerly known as "Orissa"Odisha
58%
MAshoka-led empire that controlled nearly the entire subcontinent in the 200s BCMaurya Empire
57%
BFounder and first emperor of the Mughal dynastyBabur
54%
QSpeech that was made by Mahatma Gandhi in 1942{Quit} India
54%
FSociety system that made up the social structure of India until independence in 1947{Feudal}ism
52%
IMahatma Gandhi was a member of this political party which gave its
flag's colors to the Indian national flag
Indian National
Congress
50%
SThe first Sikh prime minister of India, 2004-2014Manmohan Singh
48%
VName of the oldest sculptures in HinduismVedas
48%
RNat nomadic European ethnic group that originally came from IndiaRomani
45%
XSpanish missionary who traveled to GFrancis {Xavier}
44%
ZReligious group that fled to India from Persia after the Arab invasionZoroastrians
44%
LOne of the major sites of the Indian Rebellion of 1857Lucknow
40%
UThe 6th century Arab caliphate failed to conquer the Indian subcontinent{Umayyad} Caliphate
40%

Score Distribution

Percentile by Number Answered

Percent of People with Each Score

Your Score History

You have not taken this quiz